000 00288nam a2200121Ia 4500
082 _a620.103
_bTAY
100 _aTayal,A.K
245 _aEngineering mechanics statics and dynamics
250 _a14th Ed.
260 _bUmesh Publications
_aN.Delhi
_c2011
300 _a671p.
942 _2ddc
_cBK
999 _c5285
_d5285